zpět

Detail výsledku týmu

Písecká pivnice ÚT, Písek

Datum a čas kvízu

13 Celkem bodů Celkový počet nahraných bodů na tomto kvízu bez doplňovacích otázek.
7. Pořadí na kvízu Konečné umístění týmu na tomto kvízu.

Zaznamenané odpovědi

# Otázka Odpověď Body Výsledky
1. V úterý vydalo jedno politické... SPD; Plzeňský Prazdroj (Pilsner Urquell) 0.5
2. 64letý exprezident jedné země,... o Jižní Koreji (Korejské republice) 1
3. Ve středu překvapila přihlíže... Paranoid; Ozzy Osbourne 0
4. Minulý týden ohlásila jedna če... Benu 1
5. Minulý týden se v Singapuru ko... o plavání (plaveckých sportech) 0
6. V tématu se zaměříme na nejrůz... tamagoči / tamagotchi 0
7. Stánků s langoši bylo v devade... Starej fotr 0
8. Instantní fotoaparáty se nejvě... Polaroid, Instax 0
9. Nejdříve trendy doplněk, pozdě... Kendall Jenner 0
10. Gramofonovým deskám leckdo pře... long play 0